| 000 | 00943nam a2200241 a 4500 | ||
|---|---|---|---|
| 001 | 000041037 | ||
| 005 | 20201002034553.0 | ||
| 008 | 130920s1995 sp r 000 0 spa d | ||
| 020 | _a8400074580 | ||
| 040 |
_aDO-SdBNP _bspa _cBNPHU |
||
| 082 |
_axxxx _bG643o |
||
| 100 | 1 |
_aGonzález-Ripoll Navarro, María Dolores _967528 |
|
| 245 | 1 | 0 |
_aA las órdenes de las estrellas : _bla vida del marino Cosme de Churraca y sus expediciones a América / _cMa. Dolores González-Ripoli Navarro ; preámbulo Francisco de Solano. |
| 260 |
_aMadrid : _bCSIC, _c1995. |
||
| 300 |
_a187 p. : _bil. ; _c24 cm. |
||
| 490 | 1 |
_aMonografías _v8 |
|
| 504 | _aBibliografía : p. 185-187 | ||
| 500 | _aIncluye referencias bibliográficas y notas al pie de las páginas | ||
| 590 | _aInventariado, 2019/BT | ||
| 700 | 1 |
_aSolano, Francisco _98819 |
|
| 710 | 2 |
_aConsejo Superior de Investigaciones Científicas (España) _915178 |
|
| 830 | 0 |
_aMonografías _n8 _967529 |
|
| 999 |
_c40527 _d40527 |
||